LEADER 01768oam 2200469M 450 001 9910716122003321 005 20200213070935.3 035 $a(CKB)5470000002518898 035 $a(OCoLC)1065616116 035 $a(OCoLC)995470000002518898 035 $a(EXLCZ)995470000002518898 100 $a20071213d1926 ua 0 101 0 $aeng 135 $aurcn||||||||| 181 $ctxt$2rdacontent 182 $cc$2rdamedia 183 $acr$2rdacarrier 200 10$aAppointment of additional judges. April 13, 1926. -- Committed to the Committee of the Whole House on the State of the Union and ordered to be printed 210 1$a[Washington, D.C.] :$c[U.S. Government Printing Office],$d1926. 215 $a1 online resource (15 pages) $ctables 225 1 $aHouse report / 69th Congress, 1st session. House ;$vno. 872 225 1 $a[United States congressional serial set ] ;$v[serial no. 8533] 300 $aBatch processed record: Metadata reviewed, not verified. Some fields updated by batch processes. 300 $aFDLP item number not assigned. 606 $aDistrict courts 606 $aJudicial districts 606 $aLegislative amendments 606 $aJudges 608 $aLegislative materials.$2lcgft 615 0$aDistrict courts. 615 0$aJudicial districts. 615 0$aLegislative amendments. 615 0$aJudges. 701 $aGraham$b George Scott$f1850-1931$pRepublican (PA)$01386798 801 0$bWYU 801 1$bWYU 801 2$bOCLCO 801 2$bOCLCQ 906 $aBOOK 912 $a9910716122003321 996 $aAppointment of additional judges. April 13, 1926. -- Committed to the Committee of the Whole House on the State of the Union and ordered to be printed$93515024 997 $aUNINA LEADER 00925nam0-2200253 --450 001 9910801000803321 005 20240206100920.0 100 $a20240206d1982----kmuy0itay5050 ba 101 0 $aita 102 $aIT 105 $aa 001yy 200 1 $a<>'attivitą scientifica, tecnica, promozionale, svolta dall'Istituto di viticoltura dell'universitą cattolica del sacro Cuore di Piacenza$fGiuseppe Fogliani 210 $aPavia$c[s.n.]$d1982 215 $a1 v. (pagine non numerate)$cill.$d29 cm 610 0 $aViticoltura 676 $a634.8$v23$zita 700 1$aFogliani,$bGiuseppe$070755 801 0$aIT$bUNINA$gREICAT$2UNIMARC 901 $aBK 912 $a9910801000803321 952 $aA PAT 1360$b1149/2024$fFAGBC 959 $aFAGBC 996 $aAttivitą scientifica, tecnica, promozionale, svolta dall'Istituto di viticoltura dell'universitą cattolica del sacro Cuore di Piacenza$93876259 997 $aUNINA